000 00338nam a2200133Ia 4500
008 151001s9999||||xx |||||||||||||| ||und||
100 _aभा रा भागवत
245 _aगप्प बसा मुंछासेन
250 _a1
260 _bशकून
260 _c1984
300 _a100
365 _b18
999 _c971345
_d971342